000 00254nmm a2200097Ia 4500
008 220120s9999||||xx |||||||||||||||||und||
082 _a621.381 KAS
100 _aKasap, S.O
_93031
245 0 _aPrinciples of electronicscircuits and devices
260 _c2002
999 _c138849
_d138849